Quizzes
Events
Quiz Creation
Community
Videos
Private Events
Remove Ads
Sign In
Join for FREE
Feedback
Dark Mode
Quiz Categories
Sports
Geography
Music
Movies
Television
Just For Fun
Miscellaneous
History
Literature
Language
Science
Gaming
Entertainment
Religion
Holiday
For Kids
Quiz Lab
Recent
Popular Today
Quiz Kudos Today
Editor Picks
Curator Picks
Quizzes by...
Day
Popularity
Type
Ratings
Length
Year
Community
Subscriptions
Recent Discussions
Orange Saloon
Badges
Playlists
Quests
Create
Leaderboards
Showdown
Live 5
Trivia Bingo
Activity
Puzzle Library
Sporcle Events
Private Events
Virtual Trivia
Globe League
Become a Host
Pub Owners
SporcleCon
Opinionation
Our Games
Videos
Blog
Mobile Apps
Partnerships
Remove Ads and Go Orange
Feedback
Just For Fun
Clickable
Get the Picture
Humor
Quick Pick
Word Ladder
Missing Word
Mixed Word
Blitz
Minefield
This or That
Alphabet
Color
Typing
Sporcle
Puzzle
Word Play
Follow That Line
Logic
Just For Fun
Clickable
Get the Picture
Humor
Quick Pick
Word Ladder
Missing Word
Mixed Word
Blitz
Minefield
This or That
Alphabet
Color
Typing
Sporcle
Puzzle
Word Play
Follow That Line
Logic
Random Quiz
Search Sporcle
×
Quiz Lab
Quiz Lab
Just For Fun
common
Type in answers that appear in a list
Type in answers that appear in a list
Classic
Best Score? Go Orange.
25 most common english words Stats
Can you name the 25 most common english words?
By
lollipopfreak
10m
25 Questions
8 Plays
8 Plays
8 Plays
Comments
Comments
Give Quiz Kudos
Give Quiz Kudos
-
- Ratings
hide this ad
Random Order
Randomize order of answers
Randomize order of answers
Replay
Link that replays current quiz
Next Quiz
Link to next quiz in quiz playlist
You Got
0%
They Got
Avg Score
80%
Avg Friend Score
Upgrade to see
Score Distribution
Jump to the score distribution portion of the page
Score
0/25
Timer
10:00
0
Plays Today
Word
% Correct
The
100%
And
100%
A
100%
He
100%
For
100%
They
100%
Is
87.5%
You
87.5%
I
87.5%
Have
87.5%
Of
75%
To
75%
In
75%
Word
% Correct
That
75%
It
75%
On
75%
Are
75%
Be
75%
This
75%
From
75%
Was
62.5%
As
62.5%
With
62.5%
At
62.5%
His
50%
Quiz Playlist
Details
Report
Send in Message
Add To Playlist
Classic:
Type in answers that appear in a list
Random Order:
Randomize order of answers
Quiz Source
Last Updated: Feb 16, 2017
Quiz Scoreboard
CHALLENGE
Sign Up to Join the Scoreboard
Show All
Scores
Hide
Comments
May contain spoilers
Recently Published
Movies - When Are They Set?
by FPL_Elf
Movies
5m
Popular People in 1961
by mucciniale
History
6m
1-10 Letter E Words III
by El_Dandy
Language
2m
More to Explore
Quiz From the Vault
Featured Blog Post
Where Did the Easter Bunny Come From?
hide this ad
You Might Also Like...
Tags
common
English
Today's Top Quizzes in Just For Fun
Browse Just For Fun
hide this ad
Today's Top Quizzes in common
Browse common
Top Contributed Quizzes in Just For Fun
1
Harry Potter Logic - 'In Chains' II
2
Crossword Whiteout! 49
3
Survivor Winners Logic Puzzle
4
1-30 Clickable Mines
5
Harry Potter Logic Puzzle
6
one piece logic puzzle
7
Thermometer Puzzle 25
8
Zeroing In: Just For Fun
9
Word Ladder: Ahoy Matey
10
Aquarium Logic Puzzle 17
Explore More
Trending Topics
Marvel
Harry Potter
Crossword
Anime
NBA
Disney
Kpop
Puzzle
NFL
WWE
Soccer
Country
The Office
Pokémon
Song
hide this ad
More By:
lollipopfreak
Quiz
Plays
Rating
Category
Featured
Created
10 Least Populous US States
144,362
4.31
Geography
Apr 15, 2012
Food Rainbow Slideshow
77,652
4.27
Miscellaneous
Aug 16, 2013
Things That Are Black
49,949
3.89
Miscellaneous
Aug 12, 2013
Pokémon Logic Puzzle (DIFFICULT)
43,617
4.08
Gaming
Jul 19, 2020
Three Letter 'A' Words
37,344
4.35
Language
Sep 22, 2013
Go to Creator's Profile
Score Distribution
Quiz Creator Spotlight
lollipopfreak
Follow
Send a Message
Quizzes Created
-
Created Quiz Play Count
-
More By This Creator
Popular Quizzes Today
1
Find the Countries of Europe - No Outlines Minefield
2
Find the US States - No Outlines Minefield
3
The Countries of the World
4
Popular People in 1961
5
1-10 Letter E Words III
6
US States
7
Find the US States
8
One Thing in Common: World Cities II
More Just For Fun Quizzes
Missing Word: Oil Industry Movies
Published
Trending Quizzes
Risky Map Clicking: Least Populous States A-Z
Humor Books: The Subtitles
1-10 Letter F Words
1-10 Letter G Words
One Thing in Common: United Kingdom
Recently Updated
Leaping Animals
pecheneg
Reality TV Shows (A-Z)
bhenderson79
Rickey Henderson's Hall of Fame Teammates
pecheneg
Champions League XIs: Arsenal
pecheneg
Quick Pick: Celebrities in WWE's Hall of Fame
aduchscher
A-Z Keypad Blitz II
pecheneg
Multiple Oscar Actors
pecheneg
Mystery Phrase Blitz: Oscar 'Best Actors'
pecheneg
F. Scott Fitzgerald Novels
LTH
Pick 3 Villains
ddd62291
Trending Topics
Kpop
Anime
NBA
Marvel
Disney
Harry Potter
Crossword
Soccer
Pokémon
WWE
Country
Song
Puzzle
NFL
The Office
Your Account Isn't Verified!
In order to create a playlist on Sporcle, you need to verify the email address you used during registration. Go to your
Sporcle Settings
to finish the process.
Report this User
Report this user for behavior that violates our
Community Guidelines
.
Details:
Send Report
Go to the Sporcle.com Mobile Site →
Comments